Biggest US Cities Starting with C - Statistics

General Stats
  • This quiz has been taken 78 times
  • The average score is 13 of 20
Answer Stats
State Answer Population % Correct
IL Chicago 2,693,976
100%
OH Columbus 898,553
98%
GA Columbus 195,769
98%
NC Charlotte 885,708
97%
OH Cleveland 381,009
95%
OH Cincinnati 303,940
94%
CO Colorado Springs 478,221
89%
SC Charleston 137,566
83%
TN Chattanooga 182,799
73%
TX Corpus Christi 326,586
73%
VA Chesapeake 244,835
55%
IA Cedar Rapids 133,562
50%
AZ Chandler 261,165
45%
CA Chula Vista 274,492
44%
FL Cape Coral 194,495
42%
TN Clarksville 158,146
39%
NC Cary 170,282
33%
FL Coral Springs 133,759
24%
TX Carrollton 139,248
18%
CA Corona 169,868
15%
No matching quizzes found
Score Distribution
Percent of People with Each Score
Percentile by Number Answered
Your Score History
You have not taken this quiz